[Event "SA-2011-0-00203"]
[Site "LSS email"]
[Date "2011.07.21"]
[Round "?"]
[White "Jordan, Juergen"]
[Black "Totorat, Udo"]
[Result "1/2-1/2"]
[WhiteElo "2142"]
[BlackElo "2208"]
[PlyCount "35"]
[EventDate "2011.06.22"]
[EventType "tourn (corr)"]
[EventRounds "6"]
[EventCountry "GER"]
[SourceTitle "Corr 2015"]
[Source "ChessBase"]
[SourceDate "2015.07.17"]
[SourceVersion "1"]
[SourceVersionDate "2015.07.17"]
[SourceQuality "1"]

1. d4 Nf6 2. Nf3 d5 3. e3 e6 4. Bd3 c5 5. b3 Nc6 6. 0-0 Bd6 7. Bb2 0-0 8. Nbd2 Qe7 9. Ne5 cxd4 10. exd4 Qc7 11. Qe2 Nb4 12. c4 Nxd3 13. Qxd3 b6 14. Rfc1 Ba6 15. a4 dxc4 16. Ndxc4 Bxc4 17. Rxc4 Qb7 18. Ba3 1/2-1/2

[Event "SA-2011-0-00203"]
[Site "LSS email"]
[Date "2011.07.18"]
[Round "?"]
[White "Morcin, Tom"]
[Black "Totorat, Udo"]
[Result "0-1"]
[WhiteElo "2103"]
[BlackElo "2208"]
[PlyCount "128"]
[EventDate "2011.06.22"]
[EventType "tourn (corr)"]
[EventRounds "6"]
[EventCountry "GER"]
[SourceTitle "Telechess CBM 163"]
[Source "ChessBase"]
[SourceDate "2014.11.11"]
[SourceVersion "2"]
[SourceVersionDate "2014.11.11"]
[SourceQuality "1"]

1. d4 Nf6 2. c4 e6 3. Nc3 Bb4 4. e3 0-0 5. Bd3 d5 6. Nf3 c5 7. 0-0 Nc6 8. a3 Bxc3 9. bxc3 dxc4 10. Bxc4 Qc7 11. Bd3 e5 12. Qc2 Re8 13. e4 exd4 14. cxd4 Bg4 15. Qxc5 Nxe4 16. Bxe4 Rxe4 17. Ne5 Be6 18. Be3 Qe7 19. Nxc6 Qxc5 20. dxc5 bxc6 21. Rfb1 Rc4 22. h3 h6 23. Kh2 Kh7 24. Rb7 Rc3 25. Bd4 Rd3 26. Bb2 Rd2 27. Re1 Bd5 28. Kg1 g5 29. Bc3 Rc2 30. Re3 Kg6 31. f3 h5 32. Rb2 Rxb2 33. Bxb2 Rb8 34. Bd4 Rb1+ 35. Kf2 Rc1 36. Re8 Rc2+ 37. Re2 Rc4 38. Rd2 f5 39. g3 a5 40. Rd3 Rc2+ 41. Ke1 Ra2 42. Be3 a4 43. Bd2 h4 44. gxh4 gxh4 45. Bf4 Kf6 46. Bd2 Ke5 47. Ba5 f4 48. Bc3+ Kf5 49. Bd2 Ra1+ 50. Kf2 Kg5 51. Bb4 Be6 52. Kg2 Rb1 53. Rd4 Rb3 54. Rd2 Bd5 55. Rf2 Kf5 56. Rf1 Ke5 57. Rf2 Kd4 58. Rf1 Rb2+ 59. Kg1 Ke3 60. Be1 Ra2 61. Bxh4 Rxa3 62. Kg2 Rd3 63. Re1+ Kd2 64. Rf1 Rxf3 0-1

[Event "SA-2011-0-00203"]
[Site "LSS email"]
[Date "2011.07.18"]
[Round "?"]
[White "Totorat, Udo"]
[Black "Bilsel, Sabahaddin"]
[Result "1/2-1/2"]
[WhiteElo "2208"]
[BlackElo "1927"]
[PlyCount "34"]
[EventDate "2011.06.22"]
[EventType "tourn (corr)"]
[EventRounds "6"]
[EventCountry "GER"]
[SourceTitle "Corr 2015"]
[Source "ChessBase"]
[SourceDate "2015.07.17"]
[SourceVersion "1"]
[SourceVersionDate "2015.07.17"]
[SourceQuality "1"]

1. e4 c5 2. Nf3 e6 3. d4 cxd4 4. Nxd4 Nf6 5. Nc3 d6 6. g4 h6 7. h4 Be7 8. Rg1 d5 9. exd5 Nxd5 10. Nxd5 Qxd5 11. Be3 Nc6 12. Nxc6 Qxc6 13. Qe2 Bb4+ 14. Bd2 Bxd2+ 15. Qxd2 Qe4+ 16. Be2 Bd7 17. 0-0-0 0-0-0 1/2-1/2

[Event "SA-2011-0-00203"]
[Site "LSS email"]
[Date "2011.07.18"]
[Round "?"]
[White "Totorat, Udo"]
[Black "De Waele, Willy"]
[Result "1-0"]
[WhiteElo "2208"]
[BlackElo "2006"]
[PlyCount "55"]
[EventDate "2011.06.22"]
[EventType "tourn (corr)"]
[EventRounds "6"]
[EventCountry "GER"]
[SourceTitle "Telechess CBM 163"]
[Source "ChessBase"]
[SourceDate "2014.11.11"]
[SourceVersion "2"]
[SourceVersionDate "2014.11.11"]
[SourceQuality "1"]

1. e4 c5 2. Nf3 d6 3. d4 cxd4 4. Nxd4 Nf6 5. Nc3 a6 6. Bg5 e6 7. f4 Qb6 8. Qd2 Qxb2 9. Rb1 Qa3 10. e5 dxe5 11. fxe5 Nfd7 12. Ne4 h6 13. Bh4 Qxa2 14. Rd1 Qd5 15. Qe3 Qxe5 16. Be2 Bc5 17. Bg3 Bxd4 18. Rxd4 Qa5+ 19. Rd2 0-0 20. Bd6 Rd8 21. Qg3 Nc6 22. Bc7 Qa1+ 23. Rd1 Qa4 24. Qh4 Qb4+ 25. c3 Qf8 26. 0-0 Re8 27. Bd6 Ne7 28. Rd3 1-0

[Event "OP-2011-0-01643"]
[Site "LSS email"]
[Date "2011.07.05"]
[Round "?"]
[White "Rakus, Klaus Dieter"]
[Black "Totorat, Udo"]
[Result "0-1"]
[WhiteElo "1569"]
[BlackElo "2245"]
[PlyCount "68"]
[EventDate "2011.07.03"]
[EventType "tourn (corr)"]
[EventRounds "4"]
[EventCountry "GER"]
[SourceTitle "Telechess CBM 149"]
[Source "ChessBase"]
[SourceDate "2012.07.17"]
[SourceVersion "1"]
[SourceVersionDate "2012.07.17"]
[SourceQuality "1"]

1. e4 c5 2. Nc3 Nc6 3. g3 g6 4. Bg2 Bg7 5. Nge2 d6 6. 0-0 Nf6 7. d3 0-0 8. a3 Qd7 9. Be3 b6 10. Rb1 Bb7 11. Nf4 e6 12. Qd2 Ng4 13. Nfe2 Nxe3 14. Qxe3 Rac8 15. Nd1 d5 16. f4 dxe4 17. dxe4 Nd4 18. c3 Nb3 19. Nf2 Qd2 20. Qf3 Qc2 21. Qe3 Rcd8 22. e5 Bxg2 23. Kxg2 Nd2 24. Rfc1 Qa4 25. Ra1 Qc6+ 26. Kg1 Nf3+ 27. Kg2 Nxe5+ 28. Qe4 Qxe4+ 29. Nxe4 Nc4 30. b3 Nd2 31. Nxd2 Rxd2 32. Kf1 Rfd8 33. b4 c4 34. Ke1 R8d3 0-1

[Event "OP-2011-0-01604"]
[Site "LSS email"]
[Date "2011.06.19"]
[Round "?"]
[White "Jostov, Keylah"]
[Black "Totorat, Udo"]
[Result "0-1"]
[WhiteElo "1067"]
[BlackElo "2144"]
[PlyCount "84"]
[EventDate "2011.06.17"]
[EventType "tourn (corr)"]
[EventRounds "4"]
[EventCountry "GER"]
[SourceTitle "Telechess CBM 147"]
[Source "ChessBase"]
[SourceDate "2012.03.16"]
[SourceVersion "1"]
[SourceVersionDate "2012.03.16"]
[SourceQuality "1"]

1. Nf3 Nf6 2. g3 d5 3. Bg2 c6 4. 0-0 Bf5 5. d3 e6 6. b3 h6 7. Bb2 Nbd7 8. Nbd2 Be7 9. Qe1 0-0 10. e4 Bh7 11. e5 Ne8 12. h3 Nc7 13. Nh2 c5 14. Qe2 Nb8 15. Ndf3 Nc6 16. Rfe1 Qd7 17. Rad1 Nb4 18. a3 Nc6 19. Qd2 d4 20. Ng4 Nd5 21. b4 cxb4 22. Nxd4 bxa3 23. Nxc6 bxc6 24. Ba1 Rfd8 25. h4 Rab8 26. Nxh6+ gxh6 27. Qxh6 Bf8 28. Qg5+ Kh8 29. Be4 Qe8 30. Bd4 Nf4 31. gxf4 Rxd4 32. c3 Bxe4 33. cxd4 Bh7 34. Kh2 Qd8 35. Qg3 a2 36. Rg1 Bh6 37. Kh1 Qxd4 38. Qe3 Qxf4 39. Qxa7 Qxh4+ 40. Kg2 Qg4+ 41. Kh2 Qh5+ 42. Kg2 Rg8+ 0-1

[Event "OP-2011-0-01604"]
[Site "LSS email"]
[Date "2011.06.19"]
[Round "?"]
[White "Totorat, Udo"]
[Black "Kudr, Roman"]
[Result "1-0"]
[WhiteElo "2144"]
[BlackElo "1878"]
[PlyCount "95"]
[EventDate "2011.06.17"]
[EventType "tourn (corr)"]
[EventRounds "4"]
[EventCountry "GER"]
[SourceTitle "Telechess CBM 147"]
[Source "ChessBase"]
[SourceDate "2012.03.16"]
[SourceVersion "1"]
[SourceVersionDate "2012.03.16"]
[SourceQuality "1"]

1. e4 e6 2. d4 d5 3. Nc3 Nf6 4. e5 Nfd7 5. f4 c5 6. Nf3 Nc6 7. Be3 cxd4 8. Nxd4 Bc5 9. Qd2 0-0 10. 0-0-0 Nxd4 11. Bxd4 a6 12. Qf2 Qc7 13. Bd3 b5 14. Qh4 g6 15. Ne2 b4 16. Qh6 Re8 17. Bxc5 Nxc5 18. Ng3 f5 19. exf6 Nxd3+ 20. Rxd3 Rf8 21. f5 Rxf6 22. Qh4 Qf7 23. fxg6 hxg6 24. Rdd1 Bd7 25. Rhf1 Rf8 26. Qxb4 Rf2 27. Qd4 Bb5 28. Rxf2 Qxf2 29. b3 Be8 30. Qe5 Bf7 31. h4 Rc8 32. Rd2 Qc5 33. Ne2 Qa3+ 34. Kb1 Qa5 35. Qg5 Qd8 36. Qg3 Qf6 37. Nf4 Qc3 38. Qxc3 Rxc3 39. Re2 Rc6 40. Nd3 Rb6 41. Rf2 Be8 42. g4 a5 43. Kb2 Kg7 44. Kc3 Rb7 45. Kd4 Rc7 46. c3 Rc8 47. Ne5 Rc7 48. g5 1-0

[Event "SA-2011-0-00197"]
[Site "LSS email"]
[Date "2011.06.14"]
[Round "?"]
[White "Khlopov, Sergej"]
[Black "Totorat, Udo"]
[Result "1/2-1/2"]
[WhiteElo "2146"]
[BlackElo "2208"]
[PlyCount "54"]
[EventDate "2011.05.09"]
[EventType "tourn (corr)"]
[EventRounds "6"]
[EventCountry "GER"]
[SourceTitle "Telechess CBM 155"]
[Source "ChessBase"]
[SourceDate "2013.07.16"]
[SourceVersion "1"]
[SourceVersionDate "2013.07.16"]
[SourceQuality "1"]

1. e4 c5 2. Nf3 d6 3. d4 cxd4 4. Nxd4 Nf6 5. Nc3 a6 6. Bg5 Nbd7 7. f4 e5 8. Nf5 Qb6 9. Qd2 Qxb2 10. Rb1 Qa3 11. fxe5 dxe5 12. Bc4 Qa5 13. 0-0 Qc5+ 14. Ne3 b5 15. Bd5 Ra7 16. Kh1 Rc7 17. Rb3 b4 18. Ncd1 h6 19. Bh4 a5 20. Nb2 Be7 21. Nd3 Qb6 22. Bg3 Bd6 23. a3 Nc5 24. Nxc5 Qxc5 25. axb4 axb4 26. Bf2 Qb5 27. Rfb1 Qa6 1/2-1/2

[Event "SA-2011-0-00197"]
[Site "LSS email"]
[Date "2011.06.14"]
[Round "?"]
[White "Totorat, Udo"]
[Black "Donzellotti, Giuseppe"]
[Result "1/2-1/2"]
[WhiteElo "2208"]
[BlackElo "2101"]
[PlyCount "40"]
[EventDate "2011.05.09"]
[EventType "tourn (corr)"]
[EventRounds "6"]
[EventCountry "GER"]
[SourceTitle "Telechess CBM 155"]
[Source "ChessBase"]
[SourceDate "2013.07.16"]
[SourceVersion "1"]
[SourceVersionDate "2013.07.16"]
[SourceQuality "1"]

1. e4 e5 2. Nf3 Nc6 3. Bb5 a6 4. Ba4 Nf6 5. 0-0 b5 6. Bb3 Bb7 7. d3 Be7 8. Nc3 0-0 9. a4 Na5 10. Ba2 b4 11. Nd5 Nxd5 12. exd5 b3 13. cxb3 Bxd5 14. Nxe5 Rb8 15. Nc4 Nc6 16. Bd2 Bf6 17. Bc3 Bd4 18. Ne3 Be6 19. Qd2 Qg5 20. b4 Bxa2 1/2-1/2

[Event "RA-2011-0-00137"]
[Site "LSS email"]
[Date "2011.06.13"]
[Round "?"]
[White "Totorat, Udo"]
[Black "Hrubaru, Mircea"]
[Result "1/2-1/2"]
[WhiteElo "2144"]
[BlackElo "1833"]
[PlyCount "46"]
[EventDate "2011.05.24"]
[EventType "tourn (corr)"]
[EventRounds "6"]
[EventCountry "GER"]
[SourceTitle "Telechess CBM 151"]
[Source "ChessBase"]
[SourceDate "2012.11.13"]
[SourceVersion "1"]
[SourceVersionDate "2012.11.13"]
[SourceQuality "1"]

1. e4 c5 2. Nf3 Nc6 3. d4 cxd4 4. Nxd4 Nf6 5. Nc3 e5 6. Ndb5 d6 7. Bg5 a6 8. Na3 b5 9. Nd5 Be7 10. Bxf6 Bxf6 11. c3 Bg5 12. Nc2 Rb8 13. a4 bxa4 14. Ncb4 Bd7 15. Bxa6 Nxb4 16. Nxb4 Qa5 17. Qxd6 Rb6 18. Qd3 Be7 19. Nd5 Rxb2 20. 0-0 Qc5 21. c4 0-0 22. Bb5 Bxb5 23. cxb5 Bd8 1/2-1/2

[Event "RA-2011-0-00137"]
[Site "LSS email"]
[Date "2011.06.13"]
[Round "?"]
[White "Totorat, Udo"]
[Black "Nichols, Scott"]
[Result "1/2-1/2"]
[WhiteElo "2144"]
[BlackElo "2150"]
[PlyCount "42"]
[EventDate "2011.05.24"]
[EventType "tourn (corr)"]
[EventRounds "6"]
[EventCountry "GER"]
[SourceTitle "Telechess CBM 151"]
[Source "ChessBase"]
[SourceDate "2012.11.13"]
[SourceVersion "1"]
[SourceVersionDate "2012.11.13"]
[SourceQuality "1"]

1. e4 e6 2. d4 d5 3. Nc3 Nf6 4. e5 Nfd7 5. f4 c5 6. Nf3 Nc6 7. Be3 Be7 8. Be2 0-0 9. Qd2 b6 10. 0-0 Bb7 11. Rad1 Rc8 12. Kh1 cxd4 13. Nxd4 Nc5 14. a3 Nxd4 15. Bxd4 Ne4 16. Qe3 Nxc3 17. Bxc3 g6 18. Rd2 Qd7 19. Bd4 Qa4 20. Qd3 Bc5 21. c3 Bxd4 1/2-1/2

[Event "OP-2011-0-01588"]
[Site "LSS email"]
[Date "2011.06.12"]
[Round "?"]
[White "Couspeyre, Thierry"]
[Black "Totorat, Udo"]
[Result "0-1"]
[WhiteElo "1182"]
[BlackElo "2160"]
[PlyCount "60"]
[EventDate "2011.06.10"]
[EventType "tourn (corr)"]
[EventRounds "4"]
[EventCountry "GER"]
[SourceTitle "Telechess CBM 145"]
[Source "Chessbase"]
[SourceDate "2011.11.11"]
[SourceVersion "1"]
[SourceVersionDate "2011.11.11"]
[SourceQuality "1"]

1. d4 Nf6 2. c4 e6 3. Nc3 Bb4 4. e3 0-0 5. Bd3 d5 6. Nf3 c5 7. 0-0 Nc6 8. a3 Bxc3 9. bxc3 dxc4 10. Bxc4 Qc7 11. Bd3 e5 12. dxe5 Nxe5 13. Nxe5 Qxe5 14. Qc2 Re8 15. h3 Bd7 16. Bb2 Qg5 17. f4 Qg3 18. Rf3 Qh4 19. Qf2 Qxf2+ 20. Kxf2 Bc6 21. Rg3 Rad8 22. Ke2 Rxd3 23. Kxd3 Ne4 24. Rf3 Rd8+ 25. Kc2 Ba4+ 26. Kb1 Nd2+ 27. Kc1 Nxf3 28. Kb1 Nd2+ 29. Kc1 c4 30. Ra2 Nb3+ 0-1

[Event "RA-2011-0-00135"]
[Site "LSS email"]
[Date "2011.06.06"]
[Round "?"]
[White "Medvedev, Eduard"]
[Black "Totorat, Udo"]
[Result "1/2-1/2"]
[WhiteElo "2080"]
[BlackElo "2144"]
[PlyCount "40"]
[EventDate "2011.05.12"]
[EventType "tourn (corr)"]
[EventRounds "6"]
[EventCountry "GER"]
[SourceTitle "Telechess CBM 151"]
[Source "ChessBase"]
[SourceDate "2012.11.13"]
[SourceVersion "1"]
[SourceVersionDate "2012.11.13"]
[SourceQuality "1"]

1. d4 Nf6 2. c4 e6 3. Nc3 Bb4 4. Qc2 0-0 5. a3 Bxc3+ 6. Qxc3 b6 7. Nf3 Bb7 8. e3 d6 9. Be2 Nbd7 10. 0-0 a5 11. b3 Ne4 12. Qc2 f5 13. Bb2 Qe7 14. Rad1 c5 15. a4 Rae8 16. Ne1 cxd4 17. exd4 e5 18. Nf3 Ng5 19. Nxg5 Qxg5 20. f3 exd4 1/2-1/2

[Event "RA-2011-0-00135"]
[Site "LSS email"]
[Date "2011.06.06"]
[Round "?"]
[White "Shishkin, Victor A"]
[Black "Totorat, Udo"]
[Result "1/2-1/2"]
[WhiteElo "1885"]
[BlackElo "2144"]
[PlyCount "44"]
[EventDate "2011.05.12"]
[EventType "tourn (corr)"]
[EventRounds "6"]
[EventCountry "GER"]
[SourceTitle "Telechess CBM 151"]
[Source "ChessBase"]
[SourceDate "2012.11.13"]
[SourceVersion "1"]
[SourceVersionDate "2012.11.13"]
[SourceQuality "1"]

1. d4 Nf6 2. c4 e6 3. Nf3 d5 4. Nc3 Be7 5. e3 0-0 6. b3 c5 7. Bb2 cxd4 8. exd4 Nc6 9. Bd3 b6 10. cxd5 Nxd5 11. Nxd5 Qxd5 12. 0-0 Nb4 13. Bb1 Qh5 14. Be4 Nd5 15. Ne5 Qxd1 16. Rfxd1 Bb7 17. Rac1 Rac8 18. Rxc8 Rxc8 19. Rc1 Rxc1+ 20. Bxc1 f6 21. Nd3 h6 22. Bd2 Kf7 1/2-1/2

[Event "RA-2011-0-00135"]
[Site "LSS email"]
[Date "2011.06.06"]
[Round "?"]
[White "Totorat, Udo"]
[Black "Yarmolyuk, Yury"]
[Result "1/2-1/2"]
[WhiteElo "2144"]
[BlackElo "2098"]
[PlyCount "51"]
[EventDate "2011.05.12"]
[EventType "tourn (corr)"]
[EventRounds "6"]
[EventCountry "GER"]
[SourceTitle "Telechess CBM 151"]
[Source "ChessBase"]
[SourceDate "2012.11.13"]
[SourceVersion "1"]
[SourceVersionDate "2012.11.13"]
[SourceQuality "1"]

1. e4 e6 2. d4 d5 3. Nc3 Nf6 4. Bg5 Bb4 5. e5 h6 6. Bd2 Bxc3 7. bxc3 Ne4 8. Qg4 g6 9. Qf4 c5 10. Bd3 Nxd2 11. Qxd2 Nc6 12. Nf3 Bd7 13. Rb1 c4 14. Be2 b6 15. 0-0 Qe7 16. Qc1 Kf8 17. h3 Kg7 18. Nh2 h5 19. f4 Qf8 20. Nf3 Ne7 21. Nh4 Nf5 22. Nxf5+ exf5 23. Bf3 Bc6 24. a4 Qe7 25. Rb4 Rad8 26. Qe3 1/2-1/2

[Event "OP-2011-0-01575"]
[Site "LSS email"]
[Date "2011.06.05"]
[Round "?"]
[White "Cruz Rivera, Pablo Ricardo"]
[Black "Totorat, Udo"]
[Result "0-1"]
[WhiteElo "695"]
[BlackElo "2150"]
[PlyCount "54"]
[EventDate "2011.06.03"]
[EventType "tourn (corr)"]
[EventRounds "4"]
[EventCountry "GER"]
[SourceTitle "Telechess CBM 145"]
[Source "Chessbase"]
[SourceDate "2011.11.11"]
[SourceVersion "1"]
[SourceVersionDate "2011.11.11"]
[SourceQuality "1"]

1. e4 c5 2. Nf3 d6 3. Nc3 Nf6 4. Bb5+ Bd7 5. Qe2 e5 6. Bxd7+ Qxd7 7. 0-0 Nc6 8. d3 h6 9. Nb5 Be7 10. Be3 a6 11. Nc3 0-0 12. Na4 Bd8 13. Nh4 Nd4 14. Bxd4 cxd4 15. b3 b5 16. Nb2 Rc8 17. Rac1 Nh7 18. Qf3 Bxh4 19. g3 Bg5 20. h4 Bxc1 21. Rxc1 f5 22. Qh5 fxe4 23. dxe4 Qh3 24. Qg6 Rxf2 25. Kxf2 Rf8+ 26. Ke2 Qg2+ 27. Kd3 Rf3# 0-1

[Event "SM-2011-0-00156"]
[Site "LSS email"]
[Date "2011.05.14"]
[Round "?"]
[White "Lubas, Jozef"]
[Black "Totorat, Udo"]
[Result "1/2-1/2"]
[WhiteElo "2260"]
[BlackElo "2160"]
[PlyCount "76"]
[EventDate "2011.04.24"]
[EventType "tourn (corr)"]
[EventRounds "6"]
[EventCountry "GER"]
[SourceTitle "Telechess CBM 145"]
[Source "Chessbase"]
[SourceDate "2011.11.11"]
[SourceVersion "1"]
[SourceVersionDate "2011.11.11"]
[SourceQuality "1"]

1. e4 c5 2. Nf3 d6 3. d4 cxd4 4. Nxd4 Nf6 5. Nc3 a6 6. Be3 e5 7. Nf3 Be7 8. Bc4 0-0 9. 0-0 Be6 10. Bb3 Nc6 11. Qd3 Rc8 12. Rfd1 Ng4 13. Bd2 Qb6 14. Qe2 Nf6 15. h3 h6 16. Be3 Qc7 17. Nh4 Na5 18. Ng6 Rfe8 19. Nxe7+ Rxe7 20. Qf3 Kh7 21. Rac1 b5 22. Nd5 Nxd5 23. exd5 Bd7 24. c4 Nxc4 25. Bc2+ f5 26. Bxf5+ Bxf5 27. Qxf5+ g6 28. Qf6 Qb7 29. Rxc4 bxc4 30. Qxd6 Rce8 31. Qf6 Qxb2 32. Qh4 h5 33. Qxc4 Rd7 34. d6 Qb5 35. Qc2 Qb7 36. Qc4 Qb5 37. Qc2 Qb7 38. Qc4 Qb5 1/2-1/2

[Event "SM-2011-0-00156"]
[Site "LSS email"]
[Date "2011.05.14"]
[Round "?"]
[White "Totorat, Udo"]
[Black "Belanoff, Stuart B"]
[Result "1/2-1/2"]
[WhiteElo "2160"]
[BlackElo "2252"]
[PlyCount "55"]
[EventDate "2011.04.24"]
[EventType "tourn (corr)"]
[EventRounds "6"]
[EventCountry "GER"]
[SourceTitle "Telechess CBM 145"]
[Source "Chessbase"]
[SourceDate "2011.11.11"]
[SourceVersion "1"]
[SourceVersionDate "2011.11.11"]
[SourceQuality "1"]

1. e4 e5 2. Nf3 Nc6 3. Bb5 a6 4. Ba4 d6 5. 0-0 Bd7 6. c3 Nf6 7. d4 g6 8. Bg5 b5 9. Bb3 Bg7 10. dxe5 dxe5 11. a4 Rb8 12. axb5 axb5 13. Na3 0-0 14. Nc2 Qc8 15. Qe2 h6 16. Bxf6 Bxf6 17. Ne3 Ne7 18. Rfd1 Kg7 19. Ne1 c5 20. Bd5 c4 21. N1c2 Bg5 22. Nb4 Nxd5 23. Nexd5 Rd8 24. h3 Ra8 25. Qf3 Rxa1 26. Rxa1 Qb8 27. Ra5 Rf8 28. Ra6 1/2-1/2

[Event "SM-2011-0-00156"]
[Site "LSS email"]
[Date "2011.05.14"]
[Round "?"]
[White "Totorat, Udo"]
[Black "Gesicki, Jacek"]
[Result "1/2-1/2"]
[WhiteElo "2340"]
[BlackElo "2282"]
[PlyCount "35"]
[EventDate "2011.04.24"]
[EventType "tourn (corr)"]
[EventRounds "6"]
[EventCountry "GER"]
[SourceTitle "Corr 2022"]
[Source "ChessBase"]
[SourceDate "2021.10.24"]
[SourceVersion "1"]
[SourceVersionDate "2021.10.24"]
[SourceQuality "1"]

1. e4 e5 2. Nf3 Nf6 3. Nxe5 d6 4. Nf3 Nxe4 5. d4 d5 6. Bd3 Bd6 7. 0-0 0-0 8. c4 c6 9. Re1 Bf5 10. Qc2 Na6 11. a3 Bg6 12. c5 Bc7 13. Nc3 Re8 14. Nxe4 dxe4 15. Rxe4 Bxe4 16. Bxe4 h6 17. Be3 Bb8 18. d5 1/2-1/2

[Event "OP-2011-0-01525"]
[Site "LSS email"]
[Date "2011.05.13"]
[Round "?"]
[White "Totorat, Udo"]
[Black "Venturas, Bob"]
[Result "1-0"]
[WhiteElo "2150"]
[BlackElo "646"]
[PlyCount "49"]
[EventDate "2011.05.09"]
[EventType "tourn (corr)"]
[EventRounds "4"]
[EventCountry "GER"]
[SourceTitle "Telechess CBM 145"]
[Source "Chessbase"]
[SourceDate "2011.11.11"]
[SourceVersion "1"]
[SourceVersionDate "2011.11.11"]
[SourceQuality "1"]

1. e4 e5 2. Nf3 Nc6 3. Bb5 d6 4. d4 Bd7 5. Nc3 h6 6. Bxc6 Bxc6 7. dxe5 dxe5 8. Qxd8+ Rxd8 9. Nxe5 Bb4 10. Nxc6 Bxc3+ 11. bxc3 bxc6 12. Rb1 Nf6 13. f3 0-0 14. Rb7 Rd7 15. Rxa7 Rfd8 16. Ke2 Ne8 17. a4 Nd6 18. Rd1 f6 19. c4 Nxc4 20. Rxd7 Rxd7 21. a5 g5 22. a6 Nd6 23. Ra8+ Kg7 24. c4 Nxc4 25. a7 1-0

[Event "SM-2011-0-00153"]
[Site "LSS email"]
[Date "2011.04.26"]
[Round "?"]
[White "Totorat, Udo"]
[Black "Olano Aizpurua, Jose Maria"]
[Result "1/2-1/2"]
[WhiteElo "2206"]
[BlackElo "2312"]
[PlyCount "61"]
[EventDate "2011.03.25"]
[EventType "tourn (corr)"]
[EventRounds "6"]
[EventCountry "GER"]
[SourceTitle "Telechess CBM 157"]
[Source "ChessBase"]
[SourceDate "2013.11.12"]
[SourceVersion "1"]
[SourceVersionDate "2013.11.12"]
[SourceQuality "1"]

1. e4 c5 2. Nf3 d6 3. d4 cxd4 4. Nxd4 Nf6 5. Nc3 a6 6. Bg5 e6 7. f4 Qb6 8. Qd2 Qxb2 9. Rb1 Qa3 10. e5 dxe5 11. fxe5 Nfd7 12. Ne4 h6 13. Bh4 Qxa2 14. Rd1 Qd5 15. Qe3 Qxe5 16. Be2 Bc5 17. Bg3 Bxd4 18. Rxd4 Qa5+ 19. Rd2 0-0 20. Bd6 Rd8 21. Qg3 Nc6 22. Bc7 Qa1+ 23. Rd1 Qb2 24. 0-0 Rf8 25. Bd6 Nd4 26. Bg4 Nf5 27. Bxf5 exf5 28. Bxf8 Nxf8 29. Nd6 Qb6+ 30. Kh1 Qc6 31. h3 1/2-1/2

[Event "SM-2011-0-00152"]
[Site "LSS email"]
[Date "2011.04.25"]
[Round "?"]
[White "Totorat, Udo"]
[Black "Sidenko, Anatoly Viktorovich"]
[Result "0-1"]
[WhiteElo "2208"]
[BlackElo "2297"]
[PlyCount "64"]
[EventDate "2011.03.18"]
[EventType "tourn (corr)"]
[EventRounds "6"]
[EventCountry "GER"]
[SourceTitle "Telechess CBM 155"]
[Source "ChessBase"]
[SourceDate "2013.07.16"]
[SourceVersion "1"]
[SourceVersionDate "2013.07.16"]
[SourceQuality "1"]

1. e4 c5 2. Nf3 d6 3. d4 cxd4 4. Nxd4 Nf6 5. Nc3 a6 6. Bg5 e6 7. f4 Qb6 8. Qd2 Qxb2 9. Rb1 Qa3 10. e5 dxe5 11. fxe5 h6 12. Bh4 g5 13. exf6 gxh4 14. Be2 Qa5 15. 0-0 Nd7 16. Rf4 h3 17. gxh3 e5 18. Re4 Bb4 19. Ndb5 Bc5+ 20. Kh1 axb5 21. Bxb5 Qc7 22. Qd5 Ra5 23. Rxe5+ Kd8 24. Rd1 Bb4 25. Rd3 b6 26. Re4 Bxc3 27. Qxf7 Bb4 28. Rxb4 Bb7+ 29. Kg1 Qc5+ 30. Kf1 Qf5+ 31. Ke1 Rxb5 32. Rxd7+ Qxd7 0-1

[Event "SM-2011-0-00152"]
[Site "LSS email"]
[Date "2011.04.24"]
[Round "?"]
[White "Totorat, Udo"]
[Black "Bernal Varela, Nelson"]
[Result "1/2-1/2"]
[WhiteElo "2208"]
[BlackElo "2336"]
[PlyCount "53"]
[EventDate "2011.03.18"]
[EventType "tourn (corr)"]
[EventRounds "6"]
[EventCountry "GER"]
[SourceTitle "Telechess CBM 155"]
[Source "ChessBase"]
[SourceDate "2013.07.16"]
[SourceVersion "1"]
[SourceVersionDate "2013.07.16"]
[SourceQuality "1"]

1. d4 Nf6 2. c4 g6 3. Nc3 d5 4. cxd5 Nxd5 5. e4 Nxc3 6. bxc3 Bg7 7. Nf3 c5 8. Rb1 0-0 9. Be2 Nc6 10. d5 Ne5 11. Nxe5 Bxe5 12. Qd2 Qa5 13. Rb3 Rd8 14. f4 Bg7 15. c4 Qxd2+ 16. Bxd2 Bd4 17. Be3 Bxe3 18. Rxe3 Rd6 19. Ra3 Rb6 20. Kd2 Rb2+ 21. Kd3 a5 22. Re1 a4 23. Kc3 Rb4 24. Bd3 Bd7 25. e5 Rb8 26. g3 Kg7 27. Re2 1/2-1/2